Torschützenkönige der Weltmeisterschaft - Statistiken

Allgemein
  • Dieses Quiz wurde 105 mal gespielt
  • Das Durchschnittsergebnis liegt bei 10 aus 31
Antwortstatistiken
Jahr Mannschaft Torschützenkönig % Korrekt
2006 Deutschland Miroslav Klose
92%
2022 Frankreich Kylian Mbappé
91%
2002 Brasilien Ronaldo
89%
2010 Deutschalnd Thomas Müller
67%
2010 Uruguay Diego Forlán
62%
1998 Kroatien Davor Šuker
55%
1970 Westdeutschland Gerd Müller
55%
2018 England Harry Kane
55%
2014 Kolumbien James Rodríguez
54%
2010 Spanien David Villa
48%
1994 Bulgarien Hristo Stoičkov
38%
1966 Portugal Eusébio
32%
2010 Niederlande Wesley Sneijder
32%
1962 Brasilien Garrincha
24%
1986 England Gary Lineker
24%
1958 Frankreich Just Fontaine
24%
1978 Argentinien Mario Kempes
21%
1974 Polen Grzegorz Lato
17%
1982 Italien Paolo Rossi
15%
1990 Italien Salvatore Schillaci
11%
1994 Russland Oleg Salenko
10%
1954 Ungarn Sándor Kocsis
10%
1962 Brasilien Vavà
7%
1930 Uruguay Guillermo Stabile
6%
1962 Chile Leonel Sánchez
6%
1938 Brasilien Leônidas
5%
1950 Brasilien Ademir
3%
1962 Ungarn Flórián Albert
3%
1934 Tschechoslowakei Oldřich Nejedlý
2%
1962 Jugoslawien Dražan Jerković
1%
1962 Sowjetunion Valentin Koz'mič Ivanov
0%
Keine übereinstimmenden Quizze gefunden
Verteilung der Resultate
Anzahl Personen mit jedem Resultat
Perzentil nach korrekt beantworteten Fragen
Ihre Resultats-Entwicklung
Sie haben dieses Quiz noch nicht gespielt